Statistics for The Twin Quiz

Click here to take the quiz!

General Stats

  • This quiz has been taken 16 times
  • The average score is 7 of 18

Answer Stats

HintAnswer% Correct
Mary-Kate & AshleyThe Olsen twins
92%
The World Trade Center was also known asTwin Towers
85%
Twins Zodiac signGemini
69%
Founders of RomeRomulus & Remus
62%
Minneapolis & St. PaulTwin Cities
62%
American drama series starring Kyle MacLachlanTwin Peaks
54%
Word for non-identical twinsFraternal
46%
Smoking sisters of The SimpsonsPatty & Selma
38%
John & Edward Grimes, better known asJedward
38%
The Weasley twinsFred & George
31%
"Ronnie & Reggie"The Kray twins
31%
Brothers of Alice in WonderlandTweedle-Dum & Tweedle-Dee
31%
Twins of the RugratsPhil & Lil DeVille
15%
First set of twins to sit in House of Commons at the same timeAngela & Maria Eagle
8%
The 'Twin Bird' PokemonDoduo
8%
Voted worst episode of Doctor Who of all timeThe Twin Dilemma
8%
These twins represented Luxembourg in Eurovision 1980Sophie & Magaly
8%
Conjoined Iranian twins, died during separation surgeryLadan & Laleh Bijani
0%

Score Distribution

Percentile by Number Answered

Percent of People with Each Score

Your Score History

You have not taken this quiz